| 000 | 00402nam a22001577a 4500 | ||
|---|---|---|---|
| 003 | NUST | ||
| 005 | 20260206154944.0 | ||
| 008 | 260206b ||||| |||| 00| 0 eng d | ||
| 082 | _a910.285 | ||
| 100 |
_aESRI Press _9133102 |
||
| 245 |
_aManaging ArcSDE Application Servers: ArcGIS 9 / _cESRI Press |
||
| 260 |
_bESRI Press, _c2004. |
||
| 300 | _a147 p ; | ||
| 563 | _aPaperback | ||
| 942 |
_2ddc _cBK |
||
| 999 |
_c616094 _d616094 |
||